• 首页
  • 本馆介绍
  • 公告通知
  • 最新文献
  • 馆藏检索
  • 电子资源
  • 读者导购
  • 参考咨询
  • 我的图书馆
  • 登录
  • 详细信息显示
  • 放入我的书架
  • 预约/预借图书
  • 作者相关作品
  • 分类相关作品
  • 丛书相关作品
  • 出版社相关作品

书目信息

  • 表格格式
  • 工作单格式
  • 卡片格式
题名:
大众化高等教育质量保障
    
 
作者: 黄启兵 , 毛亚庆 著
分册:  
出版信息: 北京   北京师范大学出版社  2011
页数: 11, 334页
开本: 23cm
丛书名: 京师高等教育管理论丛
单 册:
中图分类: G642.0
科图分类:
主题词: 高等教育--gao deng jiao yu--教育质量--研究--中国
电子资源:
ISBN: 978-7-303-12880-8
000 01237nam 2200313 450
001 012001000962
005 20131025142728.0
010    @a978-7-303-12880-8@dCNY38.00
099    @aCAL 012011447037
100    @a20111209d2011 em y0chiy50 ea
101 0  @achi
102    @aCN@b110000
105    @ak a 000yy
106    @ar
200 1  @a大众化高等教育质量保障@Ada zhong hua gao deng jiao yu zhi liang bao zhang@e基于知识的解读@f黄启兵, 毛亚庆著
210    @a北京@c北京师范大学出版社@d2011
215    @a11, 334页@d23cm
225 2  @a京师高等教育管理论丛@Ajing shi gao deng jiao yu guan li lun cong
320    @a有书目 (第313-331页)
330    @a本书主要内容包括: 知识视野中的高等教育质量保障; 问题的提出: 为何关注高等教育质量保障; 相关的研究: 高等教育质量观与质量保障; 知识的视角: 知识与高等教育质量保障; 理论的重构: 走向高等教育知识质量管理等。
333    @a本书可作为高等学校教材
410  0 @12001@a京师高等教育管理论丛
517 1  @a基于知识的解读@Aji yu zhi shi de jie du
606 0  @a高等教育@Agao deng jiao yu@x教育质量@x研究@y中国
690    @aG642.0@v5
701  0 @a黄启兵@Ahuang qi bing@4著
701  0 @a毛亚庆@Amao ya qing@4著
801  0 @aCN@b江苏凤凰@c20191020
905    @b1222009-12@dG642.0@e1527@f4
    
    大众化高等教育质量保障:基于知识的解读/黄启兵, 毛亚庆著.-北京:北京师范大学出版社,2011
    11, 334页;23cm.-(京师高等教育管理论丛)
    使用对象:本书可作为高等学校教材
    
    ISBN 978-7-303-12880-8:CNY38.00
    本书主要内容包括: 知识视野中的高等教育质量保障; 问题的提出: 为何关注高等教育质量保障; 相关的研究: 高等教育质量观与质量保障; 知识的视角: 知识与高等教育质量保障; 理论的重构: 走向高等教育知识质量管理等。
●
相关链接 在E读中查询图书 在五车中查询图书 在当当中查询图书 在豆瓣中查询图书


正题名:大众化高等教育质量保障     索取号:G642.0/1527         预约/预借

序号 登录号 条形码 馆藏地/架位号 状态 备注
1 1222009   212220096   第一样本阅览室/ [索取号:G642.0/1527] 在馆    
2 1222010   212220103   教育系资料室/ [索取号:G642.0/1527] 在馆    
3 1222011   212220112   教育系资料室/ [索取号:G642.0/1527] 在馆    
4 1222012   212220121   第四借阅区/ [索取号:G642.0/1527] 在馆    
欢迎您!
大连网信软件有限公司© 版权所有